Comentarios sobre el cambio tecnológico en una agricultura de ladera: el caso de Tarrazú, Costa Rica 1950-1998

Збережено в:
Бібліографічні деталі
Автор: Picado U., Wilson
Формат: Текст
Опубліковано: Heredia: UNA
Предмети:
Теги: Додати тег
Немає тегів, Будьте першим, хто поставить тег для цього запису!

MARC

LEADER 00000 a a2200000 04500
001 18637
003
040
090 |a 143900  
100 |a Picado U., Wilson  
245 |a Comentarios sobre el cambio tecnológico en una agricultura de ladera: el caso de Tarrazú, Costa Rica 1950-1998  
260 |a Heredia:   |b UNA  
300 |a 20 p., 13 p. Anexos  
300 |b **no definido**   |b fonodiscos   |b map.  
650 |a AGRICULTURA  
650 |a CULTIVOS AGRICOLAS  
650 |a TECNOLOGIA  
650 |a CAMBIO TECNOLOGICO  
999 |c 5712  |d 5712